000 00391nam a2200145Ia 4500
008 230312s9999||||xx |||||||||||||| ||und||
082 _a621.3
_bGUP-E
100 _aGupta,J.B
245 0 _aElements of Electrical Engineering and Electronics
260 _bS.K.Kataria & Sons
_aIndia
_c2005
300 _a4.105
546 _aEng.
650 _aEngineering
_vDC Generators,DC Motors
942 _cBK
999 _c1463
_d1463